Loading...
| Literature - World | 0 | 2 | 1 | 1 | 15 | 96 | 105.00 | 0 | 0 | 1.23 | 2.48 |
| Literature - European | 0 | 1 | 0 | 0 | 10 | 52 | 52.00 | 0 | 1 | 5.15 | 6.61 |
| Mythology | 0 | 1 | 0 | 0 | 10 | 72 | 72.00 | 0 | 1 | 3.73 | 7.27 |
| Philosophy | 0 | 1 | 0 | 0 | 10 | 54 | 54.00 | 0 | 0 | 5.29 | 8.33 |
| Popular Culture | 0 | 1 | 0 | 0 | 10 | 58 | 58.00 | 0 | 0 | 7.88 | 8.33 |
| Science - Biology | 0 | 1 | 0 | 0 | 10 | 30 | 30.00 | 1 | 1 | 6.47 | 9.09 |
| Science - Chemistry | 0 | 1 | 0 | 0 | 10 | 110 | 110.00 | 0 | 0 | 1.46 | 5.79 |
| Science - Physics | 0 | 1 | 0 | 0 | 10 | 50 | 50.00 | 0 | 0 | 5.07 | 2.73 |
| History - Other | 0 | 1 | 0 | 0 | 10 | 47 | 47.00 | 0 | 0 | 5.38 | 4.96 |
| Social Science | 0 | 1 | 0 | 1 | 10 | 110 | 110.00 | 0 | 0 | 0.00 | 1.14 |